| 000 | 00480pab a2200169 454500 | ||
|---|---|---|---|
| 008 | 180718b2000 xxu||||| |||| 00| 0 eng d | ||
| 100 | _aBenjamin, Solomon | ||
| 245 | _aGovernance, economic settings and poverty in Bangalore | ||
| 260 | _c2000 | ||
| 300 | _ap.35-56 | ||
| 362 | _aApr | ||
| 650 | _aEconomic and social development - India - Karnataka | ||
| 650 | _aPoverty - India - Karnataka | ||
| 650 | _aPoverty | ||
| 773 | _aEnvironment and Urbanization | ||
| 909 | _a44905 | ||
| 999 |
_c44905 _d44905 |
||